000
003440000a22001570004500
005
20120302060214.0
942
_c
BOOK
100
_a
Ramdas Va Ramdasi
245
_a
Satwaa Sumanhaar:Bhag 45
260
_a
Dhule:Ganesh Shankar Dev,1944.
300
_a
135p.
040
_a
MAR
365
_b
1.50/-
650
_a
Puran
650
_a
Sumanhaar
999
_c
350532
_d
350529